A community under siege : the Jews of Breslau under Nazism /

Bibliographic Details
Main Author: Ascher, Abraham, 1928-
Format: Book
Language:English
Published: Stanford, Calif. : Stanford University Press, [2007]
Series:Stanford studies in Jewish history and culture.
Subjects:
Online Access:Table of contents only

MARC

Tag First Indicator Second Indicator Subfields
LEADER 00000cam a22000004a 4500
001 in00002339613
005 20151108044755.0
008 070215s2007 caua b 001 0 eng
010 |a  2007006754 
015 |a GBA722792  |2 bnb 
016 7 |a 013699713  |2 Uk 
020 |a 9780804755184 (cloth : alk. paper) 
020 |a 0804755183 (cloth : alk. paper) 
035 |a (OCoLC)ocm86167933 
035 |a (OCoLC)86167933 
040 |a DLC  |c DLC  |d UKM  |d BAKER  |d BTCTA  |d C#P  |d YDXCP  |d UtOrBLW 
043 |a e-pl---  |a e-gx--- 
049 |a TXAM 
050 0 0 |a DS134.66.W76  |b A83 2007 
082 0 0 |a 940.53/180943852  |2 22 
100 1 |a Ascher, Abraham,  |d 1928- 
245 1 2 |a A community under siege :  |b the Jews of Breslau under Nazism /  |c Abraham Ascher. 
264 1 |a Stanford, Calif. :  |b Stanford University Press,  |c [2007] 
264 4 |c ©2007 
300 |a x, 324 pages :  |b illustrations ;  |c 24 cm. 
336 |a text  |b txt  |2 rdacontent 
337 |a unmediated  |b n  |2 rdamedia 
338 |a volume  |b nc  |2 rdacarrier 
490 1 |a Stanford studies in Jewish history and culture 
504 |a Includes bibliographical references (pages [303]-312) and index. 
505 0 |a Jews settle in Breslau -- "Creeping persecution," 1933-1934 -- Calm before the storm -- Kristallnacht -- Tightening the screws, 1939-1941 -- The end. 
650 0 |a Jews  |z Poland  |z Wrocław  |x History  |y 20th century. 
650 0 |a Antisemitism  |z Poland  |z Wrocław  |x History  |y 20th century. 
650 0 |a Holocaust, Jewish (1939-1945)  |z Poland  |z Wrocław. 
651 0 |a Wrocław (Poland)  |x History  |y 20th century. 
650 0 |a National socialism  |z Poland  |z Wrocław. 
651 0 |a Germany  |x Politics and government  |y 1933-1945. 
830 0 |a Stanford studies in Jewish history and culture. 
856 4 1 |3 Table of contents only  |u http://www.loc.gov/catdir/toc/ecip0711/2007006754.html  |t 0 
938 |a Baker & Taylor  |b BKTY  |c 55.00  |d 55.00  |i 0804755183  |n 0007050182  |s active 
938 |a Baker and Taylor  |b BTCP  |n 2007006754 
938 |a YBP Library Services  |b YANK  |n 2505517 
945 |a PromptCat  |b 242657 
946 |a stk 
947 |a A14836268023 
948 |a cataloged  |b h  |c 2007/10/17  |d c  |e dmartine  |f 6:46:23 pm 
994 |a 92  |b TXA 
999 |a MARS 
999 f f |s a1ced5d4-d4f0-3f57-b4fe-b540248c59f7  |i 48251881-5281-3922-a7e1-b55c372421d4  |t 0 
952 f f |p normal  |a Texas A&M University  |b College Station  |c Sterling C. Evans Library  |d Evans: Library Stacks  |t 0  |e DS134.66.W76 A83 2007  |h Library of Congress classification  |i unmediated -- volume  |m A14836268023 
998 f f |a DS134.66.W76 A83 2007  |t 0  |l Evans: Library Stacks